000 00857nam a2200253Ia 4500
003 OSt
005 20220923215444.0
006 a|||||r|||| 00| 0
007 ta
008 220922b |||||||| |||| 00| 0 hin d
024 _a178,920
037 _cTextual
040 _aARTS
_cARTS
_bhin
041 _2hin
_ahin
082 _aO152,1I83:g, M2
100 _aउप्रेती, कुन्दन लाल, संपा.
_9162682
245 0 _aसूर मन्दाकिनी
246 _aSūr hindākinī
260 _aअलीगढ़
_b जागृति प्रकाशन
_c1982
300 _a78 पृ.
_ccm.
650 _aहिन्दी साहित्य
_9156264
942 _hO152,1I83:g, M2
_cTEXL
_2CC
999 _c332301
_d332301